00752cam a22002054a 4500008004100000020002500041245012600066260005000192300004000242500002000282504004100302650003200343650003800375650004100413650004000454700002500494003000100519005001700520040000900537  a9781437717853 (hbk.)10aCerebral revascularization :btechniques in extracranial-to-intracranial bypass surgery /cedited by Saleem I. Abdulrauf. aPhiladelphia, PA :bElsevier Saunders,c2011. axliv, 378 p. :bcol. ill. ;c28 cm. aIncludes index. aIncludes bibliographical references. 0aCerebral revascularization. 0aCerebrovascular diseasexSurgery.12aCerebral Revascularizationxmethods.22aCerebrovascular Disordersxsurgery. aAbdulrauf, Saleem I.20230120204236.0 cNUST